000 00979nam a2200277Ia 4500
999 _c53692
_d53692
001 20740
003 GE_BSU
005 20210309005900.0
008 181216s2015||||xx |||||||||||||| || ||
020 _a9781472431851
040 _cGE_BSU
080 _a327 C-90
245 _aCroatia and the European Union :
_bChanges and Development /
_cPero Maldini, Davor Paukovic.
264 _aBurlington :
_bPublished by Ashgate,
_c2015.
300 _a202 p. ;
_c 24 cm.
541 _h231 Gel.
653 _aCroatia and the European Union
653 _aChanges and Development
653 _aХорватия и Европейский союз
653 _aизменения и развитие
653 _aხორვატია და ევროკავშირი
653 _aცვლილებები და განვითარება
700 _aMaldini, Pero
_eEditor
_910388
700 _aPaukovic, Davor
_eEditor
_910389
942 _cBK
_2udc